|
|
|
|
| LEADER |
00000nam0a2200000 4500 |
| 001 |
98725 |
| 005 |
20231101214212.0 |
| 010 |
|
|
|a 5287001959
|
| 035 |
|
|
|a (RuTPU)RU\TPU\book\105838
|
| 090 |
|
|
|a 98725
|
| 100 |
|
|
|a 20060621d2005 km y0rusy50 ca
|
| 101 |
0 |
|
|a rus
|
| 102 |
|
|
|a RU
|
| 105 |
|
|
|a a z 001zy
|
| 200 |
1 |
|
|a Буддизм: история, каноны, культура
|f С. Сидоров
|
| 210 |
|
|
|a Москва
|c АСТ
|d 2005
|
| 215 |
|
|
|a 487 с.
|c ил.
|
| 320 |
|
|
|a Библиогр.: с. 472-486.
|
| 330 |
|
|
|a Книга заполняет существенную лакуну в отечественной литературе о буддизме, представляя духовное развертывание Дхармы (Учения) Будды от ее зарождения до распространения и состояния во всей ойкумене в XX веке. Написанная доступно, но на высоком содержательном уровне, книга отличается детальной подачей материала, стремлением к адекватному изложению, соответствует потребности русскоязычного читателя в целостной истории буддизма. Впервые столь подробно на русском языке описана история буддийских школ Тибета, феноменов тибетской средневековой культуры, непосредственно инспирированных тантрийским буддизмом (искусство, монастырское образование, медицина и т.д.). Очерк о буддизме представляет вниманию читателя описание буддизма сутр, тантр и дзогчена. Уникальным является материал о сложнейших тантрииских практиках и мистических учениях, существующих в буддизме.
|
| 606 |
|
|
|a Буддизм
|2 stltpush
|3 (RuTPU)RU\TPU\subj\30184
|9 53325
|
| 610 |
1 |
|
|a религии
|
| 610 |
1 |
|
|a история
|
| 610 |
1 |
|
|a культура
|
| 610 |
1 |
|
|a Будда
|
| 610 |
1 |
|
|a жизнеописание
|
| 610 |
1 |
|
|a тантры
|
| 610 |
1 |
|
|a учение
|
| 610 |
1 |
|
|a распространение
|
| 610 |
1 |
|
|a Тибет
|
| 610 |
1 |
|
|a Азия
|
| 610 |
1 |
|
|a Гималаи
|
| 610 |
1 |
|
|a Индия
|
| 610 |
1 |
|
|a искусство
|
| 610 |
1 |
|
|a иконография
|
| 610 |
1 |
|
|a тибетская медицина
|
| 610 |
1 |
|
|a наука
|
| 686 |
|
|
|a Э35
|v LBC/SL-A
|2 rubbk
|
| 700 |
|
1 |
|a Сидоров
|b С.
|g Серафим
|
| 801 |
|
1 |
|a RU
|b 63413507
|c 20060621
|g PSBO
|
| 801 |
|
2 |
|a RU
|b 63413507
|c 20190222
|g PSBO
|
| 942 |
|
|
|c BK
|
| 959 |
|
|
|a 57/20060619
|d 1
|e 869,22
|f ЧЗГЛ:1
|